Science Quiz

Random Science or Chemistry Quiz

Elements That Say 'NI' Quiz Stats

 Plays Quiz Updated Mar 17, 2020

Support Sporcle.
Go Orange.
Score 0/24 Timer 05:00
1 Play Today
Element % Correct
Nickel
81.4%
Nitrogen
71.5%
Uranium
52.1%
Einsteinium
49.3%
Plutonium
45%
Titanium
40.8%
Germanium
38.2%
Californium
38%
Selenium
36.9%
Niobium
36.8%
Arsenic
34.8%
Polonium
34.3%
Element % Correct
Actinium
34.1%
Zirconium
33.7%
Hafnium
30.9%
Rhenium
28.6%
Neptunium
27.1%
Nihonium
25.6%
Ruthenium
25.1%
Gadolinium
24.6%
Protactinium
24.5%
Dubnium
23.3%
Copernicium
22.7%
Roentgenium
19.1%

From the Vault

Longest and Shortest Element A-Z

by wiggytitch

Science 6m
You'll have to see which elements measure up.
Remove Ads.
Support Sporcle.
Get the best of Sporcle when you Go Orange. This ad-free experience offers more features, more stats, and more fun while also helping to support Sporcle. Thank you for becoming a member.

Show Comments

Extras

Top Quizzes Today


Score Distribution

Your Account Isn't Verified!

In order to create a playlist on Sporcle, you need to verify the email address you used during registration. Go to your Sporcle Settings to finish the process.

Report this User

Report this user for behavior that violates our Community Guidelines.

Details: